000
00317nam a2200133Ia 4500
008
200103s9999||||xx |||||||||||||| ||und||
040
_a
IMU-MPC
082
_a
Column-9
100
_a
Gupta, S.L. and Kumar, V.
245
0
_a
Handbook of Electronics
260
_b
Pragati Prakashan
_c
1983
300
_a
1428
942
_c
BK
999
_c
4291
_d
4291